000 00944cam a2200253 a 4500
001 12625530
005 20241108121538.0
008 011220s2002 ohua b 001 0 eng
020 _a032411477X
020 _a0324179510
020 _a0324179561
050 0 0 _aHB172
_b.T789 2003
082 0 0 _a338.5
_221
100 1 _aTucker, Irvin B.
245 1 0 _aMicroeconomics for today /
_cIrvin Tucker.
250 _a3rd ed.
260 _aCincinnati, Ohio :
_bSouth-Western/Thomson,
_c2003.
300 _axv, 469 p. :
_bill. ;
_c26 cm. +
_e1 floppy disk (3 1/2 in.)
650 0 _aMicroeconomics.
856 4 2 _3Contributor biographical information
_uhttp://www.loc.gov/catdir/enhancements/fy1104/2001057817-b.html
856 4 2 _3Publisher description
_uhttp://www.loc.gov/catdir/enhancements/fy1104/2001057817-d.html
856 4 1 _3Table of contents only
_uhttp://www.loc.gov/catdir/enhancements/fy1104/2001057817-t.html
942 _2lcc
_cBK
_e3rd Ed.
_n0
999 _c873
_d873